00568nam a2200169 i 4500001000300000100002500003245004500028260002100073040000800094041000800102942000700110008004100117999001700158856009800175952006100273952006400334bg1 aPŁOCHOCKI, Zbigniew 0aCo to jest światło? /cZ. Płochocki. aWarszawa,c1987. cBPK apol cKS s pl f |000 0 pol  c23643d23643 uhttp://koha.tu.koszalin.pl/cgi-bin/koha/opac-detail.pl?biblionumber=23643yKatalog online BPK 00104070aBPKbBPKcwo33808p01096026s2021-03-15yKS 00104071aELBUDbELBUDcbo33809p02224824t535 Ś.OyKS